000 00748nam a22002537a 4500
001 BR9600122
003 BR-BrBNA
005 20230928094909.0
007 ta
008 230509b bl.||||| |||| 00| 0 por d
040 _aBR-BrBNA
_bpor
_cBiblioteca Nacional de Agricultura
041 _a(Por)
072 _aC10
_b0230
090 _ 0230 BR9600122
100 1 _aRepsold, C.A.(Coord.)
110 1 _aPrograma Nacional de Melhoramento da Cana-de-Acucar, Campos, RJ (Brasil). Coordenadoria Regional Leste
_98022
245 1 _aCurso de aperfeicoamento em cana-de-acucar
260 3 _aCampos, RJ (Brasil):
_c1983.
300 _a[vp]
650 _aCana de Acucar
650 _aTreinamento
909 _a202309
_bLucia
_c55
_dLucia Elande
942 _cBK
999 _c53291
_d53291